00555cam a22001451 4500082002800000100004500028245012300073250003200196260005500228300003400283526003700317650002300354650002400377650000800401 a620.11bBRAcL-21, P-111 aBrady, George Stuart, [from old catalog]10aMaterials handbook :ban encyclopedia for purchasing agents, engineers, executives, and foremen /cby George S. Brady. a5th ed., second impression. aNew York ;aLondon :bMcGraw-Hill Book Co.,c1944. avii, 765 p. :bill. ;c22 cm. a0b0c0d620_110000000000000_BRA 0aBuilding materials 0aCommercial products 0aMCE